Ευρωπαϊκή Ένωση : δίκαιο, οικονομία, πολιτική

Αποθηκεύτηκε σε:
Λεπτομέρειες βιβλιογραφικής εγγραφής
Κύριος συγγραφέας: Μούσης, Νίκος Σ.
Μορφή: Βιβλίο
Γλώσσα:Greek
Δημοσίευση: Αθήνα : Παπαζήσης, 1998.
Έκδοση:7η έκδ., αναθ.
Θέματα:
Ετικέτες: Προσθήκη ετικέτας
Δεν υπάρχουν, Καταχωρήστε ετικέτα πρώτοι!

MARC

LEADER 00000cam a2200000 i 4500
001 1/65467
008 980824s1998 gr | ||| |||| ||gre||
020 |a 9600212635 
035 |l 10029638 
040 |a GR-MyUa  |b gre  |e AACR2 
041 0 |a gre 
082 7 |a 341.2422   |2 (22) 
100 1 |a Μούσης, Νίκος Σ. 
245 1 0 |a Ευρωπαϊκή Ένωση :   |b δίκαιο, οικονομία, πολιτική /   |c Νίκος Σ.Μούσης. 
250 |a 7η έκδ., αναθ. 
260 |a Αθήνα :   |b Παπαζήσης,   |c 1998. 
300 |a 669 σ. ;   |c 24 εκ. 
500 |a Περιλαμβάνει ευρετήριο. 
610 2 0 |a European Union. 
650 0 |a Law  |z European Economic Community countries. 
651 0 |a Europe  |x Economic integration. 
852 |a INST  |b CHIOS  |e 19980824  |h 341.2422 ΜΟΥ  |p 005200015797  |q 005200015797  |t BK  |y 0 
852 |a INST  |b CHIOS  |e 20000330  |h 341.2422 ΜΟΥ  |p 005200017859  |q 005200017859  |t BK  |y 0 
852 |a INST  |b RHODES  |e 20020121  |h 341.2422 ΜΟΥ  |p 005400016749  |q 005400016749  |t BK  |y 0 
901 |a BIBL-1998-2 
901 |a BIBL2-2000-1 
922 |a 2ΕΛΗ  |b 199807  |c Μπαμπανάσης  |d EMVASIS